Southville International School and Colleges
Your cart is empty.
  • Cart
  • Lists
    Public lists Eva Luna New books Lux_list list_1
    Your lists Log in to create your own lists
  • Log in to your account
  • Your cookies
  • Search history
Southville International School and Colleges
  • Advanced search
  • Recent comments
  • Most popular
  • Libraries

Log in to your account

Log in with GOOGLE


If you do not have an external account, but do have a local account, you can still log in:

  1. Home
  2. MARC view: The castle in the attic /
Normal view MARC view ISBD view

The castle in the attic / (Record no. 110949)

[ view plain ]
MARC details
000 -LEADER
fixed length control field 00709nam a2200193 a 4500
001 - CONTROL NUMBER
control field 4074
005 - DATE AND TIME OF LATEST TRANSACTION
control field 20140414131906.0
008 - FIXED-LENGTH DATA ELEMENTS--GENERAL INFORMATION
fixed length control field 081222s19uu xx 00 eng d
020 ## - INTERNATIONAL STANDARD BOOK NUMBER
International Standard Book Number 0-440-40941-1
050 ## - LIBRARY OF CONGRESS CALL NUMBER
Classification number FIC
Item number W73 1994
100 ## - MAIN ENTRY--PERSONAL NAME
Personal name Winthrop, Elizabeth.
245 ## - TITLE STATEMENT
Title The castle in the attic /
Statement of responsibility, etc Elizabeth Winthrop ; frontispiece and chapter title decorations by Trina Schart Hyman.
260 ## - PUBLICATION, DISTRIBUTION, ETC. (IMPRINT)
Place of publication, distribution, etc New York :
Name of publisher, distributor, etc Scholastic,
Date of publication, distribution, etc 1994.
300 ## - PHYSICAL DESCRIPTION
Extent 179 p. : ill. ; 22 cm.
520 ## - SUMMARY, ETC.
Summary, etc A gift of a toy castle, complete with silver knight, introduces William to an adventure involving magic and a personal quest.
650 ## - SUBJECT ADDED ENTRY--TOPICAL TERM
Topical term or geographic name as entry element Castles
General subdivision Fiction.
700 ## - ADDED ENTRY--PERSONAL NAME
Personal name Hyman, Trina Schart, ill.
Holdings
Withdrawn status Lost status Damaged status Use restrictions Home library Current library Shelving location Date acquired Source of acquisition Cost, normal purchase price Total Checkouts Full call number Barcode Date last seen Price effective from Koha item type
        Munich Library Munich Library Fiction Section 12/22/2008   245.00   FIC W73 1994 M1486 04/14/2014 04/14/2014 Books

The castle in the attic /

APA

Winthrop E., Hyman T. S. i., . (1994). The castle in the attic. New York: Scholastic.

Chicago

Winthrop Elizabeth, Hyman Trina Schart ill, . 1994. The castle in the attic. New York: Scholastic.

Harvard

Winthrop E., Hyman T. S. i., . (1994). The castle in the attic. New York: Scholastic.

MLA

Winthrop Elizabeth, Hyman Trina Schart ill, . The castle in the attic. New York: Scholastic. 1994.

  • Place hold
  • Print
  • Cite
  • Add to your cart (remove)
  • Save record
    BIBTEX Dublin Core MARCXML MARC (non-Unicode/MARC-8) MARC (Unicode/UTF-8) MARC (Unicode/UTF-8, Standard) MODS (XML) RIS
  • More searches
    Search for this title in:
    Other Libraries (WorldCat) Other Databases (Google Scholar) Online Stores (Bookfinder.com) Open Library (openlibrary.org)

Exporting to Dublin Core...

SOUTHVILLE LIBRARY

Southville International School and Colleges Library

1281 Tropical Ave. Cor. Luxembourg St., BF Homes International, Las Pinas City

Tel. No. 8256374 / 252358 Loc. 117/146

Powered by Koha